| 000 | 00717nam a22002177a 4500 | ||
|---|---|---|---|
| 005 | 20240522153112.0 | ||
| 010 | _aENG-140490-92 | ||
| 020 |
_c6295.00 _a9789395116053(Set of 3) |
||
| 035 | _aEN-124022-24 | ||
| 037 | _bDBAD | ||
| 082 |
_a344.0460954 _24 |
||
| 100 |
_aDoabia, TS _966767 |
||
| 245 |
_aEnviroment & Pollution Laws In India/ _cBy TS Doabia [and] Forwoad By Surya Kant |
||
| 250 | _a4 | ||
| 260 |
_aGurgaon _bLexis Nexis _c2021 |
||
| 270 |
_a14th Floor, Building No-10, Tower-B, DLF Cyber City, Phase-II _bGurgaon _e122002 |
||
| 300 |
_acviiic,3609p.: _c24cm(hbk) _bill. |
||
| 490 | _vVol 1,Vol 2, Vol 3 | ||
| 700 |
_aKant, Surya _966768 |
||
| 942 |
_2ddc _cEN _h344.0460954 _mDOA _e4 |
||
| 999 |
_c203184 _d203184 |
||